00540nam a2200205 a 4500001001300000003000900013005001700022008004100039020001000080082001500090100001600105245004600121260003700167300000900204500003500213505001000248650002300258650003700281700001600318nice12345678IN_TiNIC20260116011519.0050524s1892 lona grp 000 0 eng  ac10000a270.1bRAM aRamsay, W M aChurch in the Roman Empire Before A.D.170 aLondonbHodder & Stoughtonc1892 a310p aincludes index and biblioraphy2 aIndex aChristianity-Spain aChurch-History Primitive & Early1 aRamsay, W M